000 00588nam a2200205 a 4500
005 20240925065541.0
008 991125s1974 bar 000 0 spa u
020 _a8472222284
035 _aUPN01000019001
049 _aCG
050 4 _aHM55
_bM4.38 1974
100 1 _aMendras, Henri
245 1 0 _aElementos de sociología /
_cHenri Mendras ; tr. Juan A. Méndez.
250 _a2a ed.
260 _aBarcelona, Esp. :
_bLaia,
_c1974.
300 _a294 p.
440 0 _aEdiciones de bolsillo ;
_v256.
_pCiencias sociales.
_pSociología
650 4 _aSociología
_95756
905 _aLibro
999 _c19001
_d19001